000 00789nam a2200253 i 4500
001 72701
003 ES-MaACL
005 20230906171527.0
007 t|
008 040902s1981 sp ||||1| spa d
020 _a84-85741-07-2
245 0 0 _aJean-Luc Godard /
_cMaría Jesús Arévalo ... [et al.] ; prólogo, Juan Carlos Rentero.
260 _a[Madrid] :
_bEdiciones JC,
_c[1981]
300 _a138 p., 4 lám. ;
_c20 cm.
490 1 _aDirectores de cine ;
_v5
504 _aBibliografía: p. 113-118.
504 _aFilmografía: p. 119-138.
600 1 4 _aGodard, Jean-Luc.
_957502
700 1 _aRentero, Juan Carlos.
_996244
700 1 _aArévalo, María Jesús.
_922659
830 1 _aDirectores de cine ;
_v5
_9181872
852 _aES-MaACL
_jL-6436
999 _c72701
_d72701